000 00715nam a2200229Ia 4500
005 20250508165304.0
008 008 250505s9999 xx 000 0 eng d
020 _a978-81-203-2023-9
037 _aTextBook
040 _aFEDL
_beng
_cFEDL
041 _aeng
_2eng
084 _a297.2, KIN/R
_qFEDL
100 _aKincheloe Joe L Ed.
245 0 _aTeaching against Islamophobia
260 _aNew York, USA
_bPeter Lang Publishing
_c2010
300 _axii, 336p.
365 _aUSD
_b35.95
490 _aStudies in the Postmodern Theory of Education, Vol. 346
700 _a Steinberg Shirley R Ed. Stonebanks Christoper D Ed.
_9780404
942 _cTB
_h297.2, KIN/R
999 _c1394233
_d1394233